000 00518nam a2200181Ia 4500
005 20250326123635.0
008 250326s9999 xx 000 0 und d
037 _aTextbook
040 _aFMSL
_beng
_cFMSL
041 _aeng
_2eng
084 _aD658(B) K4
_qFMSL
100 _aModer J J
_9328259
245 0 _aProject management with CPM and pert
_cModer J J; Phillips C R
260 _aNY
_bNY, Van Nostrand Reinhold
_c1964
300 _a283p
942 _cTB
_hD658(B) K4
999 _c1270277
_d1270277